01340cam a22003015a 45000010009000000050017000090080041000260200018000670400043000850820025001281000034001532450090001872500018002772600064002953000053003595000022004125000028004345040031004626500047004936510010005406530044005507000019005949420008006139990017006219520123006389520146007619520131009071372615720160927135827.0040921s2009 enka frb f001 0 eng d a9780521848053 aDLCcDLCdDLCdEG-ScBUEdEG-ScBUEbeng04a338.5015195222bCAM1 aCameron, Adrian Colin.93812110aMicroeconometrics :bmethods and applications /cA. Colin Cameron, Pravin K. Trivedi. a8th printing. aCambridge ;aNew York :bCambridge University Press,c2009. axxii, 1034 p. :bcharts, forms, tables ;c27 cm. aIncludes indexes. aReprint of the 2005 ed. aBibliography : p. 961-997. 0aMicroeconomicsxEconometric models.2BUEsh 2BUEsh bENGGENbBUSECOcJune2015cSeptember20161 aTrivedi, P. K. 2ddc c19494d19466 00102ddc40708BaccahaMAINbMAINc1STd2015-06-04epurchasel0o338.5015195 CAMp000038400r2025-07-15 00:00:00yBB 00102ddc40708BaccahaMAINbMAINc1STd2016-09-27ePurchaseg820.00l1m4o338.5015195 CAMp000033667r2025-07-15 00:00:00s2020-10-25yBB 00102ddc40708BaccahaMAINbMAINc1STd2016-09-27ePurchaseg820.00l0o338.5015195 CAMp000033666r2025-07-15 00:00:00yBB